1822 1837 1699 1461 1792 1825 1201 1737 1228 1432 1715 1877 1545 1407 1723 1869 1973 1351 1910 1496 1527 1481 1496 1205 1529 1751 1564 1600 1435 1380 1714 1704 1954 1358 1867 1566 1173 1121 1265 1393 1965 1038 1772 1639 1645 1365 1268 1045 1123 1086 1258 1383 1699 1101 1832 1759 1639 1325 1436 1617 1984 1439 1050 1473 1889 1163 1211 1578 1051 1875 1173 1679 1431 1221 1968 1947 1821 1202 1871 1044 1234 1905 1754 1356 1161 1688 1865 1146 1370 1162 1206 1289 1494 1898 1167 1123 1149 1848 1511 BCNSPRNW ULIB Ver.6.0+V

เปลี่ยนเป็นภาษาไทย

Change to English
 แสดงรายละเอียดบรรณานุกรม
  กลับหน้าหลัก

Brief Record : Get Marc (ISO 2709) : E-mail record : QR code < ปิดหน้าต่าง
LEADER : 00000nam 2200000uu 4500
001    13399128037
003     ULIB
008    220118s2563||||th 000 0 tha d
020    ^a9786165657150
050  4 ^aPE1128^bส698c
100 0  ^aสำราญ คำยิ่ง
245 10 ^aComplete your English grammar with advanced English grammar for high learners /^cสำราญ คำยิ่ง
246 30 ^aAdvanced English grammar for high learners
250    ^aพิมพ์ครั้งที่ 6
260    ^aกรุงเทพฯ :^bห้างหุ้นส่วนจำกัด วี.เจ.พริ้นติ้ง,^c2563
300    ^a728 หน้า ;^c27 ซม.
505 0  ^aGrammar review and terminology -- Nouns -- Number of nouns-- Articles -- Pronouns -- Verbs -- Adverbs -- Adjective -- Propositions and idioms -- Conjunctions -- Questionwords -- Agreement of subjects and verbs -- Tenses --Active and passive voice -- Direct and indirect speech --Non-finite verbs -- If-sentence and subjunctive --Sequence of tense -- Sentences, clauses and phrases --Relative clauses -- Question tag -- Inversion of verb andadverb -- Word building -- The use of confused words --Compound words -- Interjection -- Combination of sentences-- Comparison of adjectives and adverbs -- The use ofgenitive (s, of) -- Number and how to read --Punctuations and capitalization -- Pronunciation --ตัวอย่างข้อสอบภาษาอังกฤษเข้ามหาวิทยาลัย ปีการศึกษา 2528พร้อมเฉลยอย่างละเอียด
650  0 ^aEnglish language^vExaminations, questions, etc.
650  0 ^aEnglish language^xGrammar
650  0 ^aEnglish language^xUsage
650  4 ^aภาษาอังกฤษ^vข้อสอบและเฉลย
650  4 ^aภาษาอังกฤษ^xไวยากรณ์
650  4 ^aภาษาอังกฤษ^xการใช้ภาษา
945    ^p220^l0^i29182
999    ^aกัณชพร จุลอักษร
รายการนี้ยังไม่มีแท็ก
คุณยังไม่ได้ล็อกอิน คุณสามารถมีกิจกรรมร่วมกับเว็บไซต์ได้ แต่ต้องล็อกอินก่อน ::
  ล็อกอิน

รายการสื่อสารสนเทศ

ลำดับที่ ประเภท เลขเรียก/บาร์โค้ด สถานที่ สถานะ
1. วิทยาศาสตร์การแพทย์ และสุขภาพ
วิทยาศาสตร์การแพทย์ และสุขภาพ
PE1128 ส698c ฉ.1 
  Barcode: 29182
ห้องสมุดวิทยาเขตนครสวรรค์
►หนังสือทั่วไป:l:General Books
บนชั้น

รายการใกล้เคียง
    ผู้แต่ง [สำราญ คำยิ่ง]

    หัวเรื่อง [English language Grammar]
    หัวเรื่อง [ภาษาอังกฤษ การใช้ภาษา]

BibComment


ยังไม่เคยถูกคอมเมนท์

คอมเมนท์ทรัพยากรรายการนี้
  คอมเมนท์: Complete your En..


 Copyright 2026. Bcnsprnw @Library